[Event "POL-ch 62nd"]
[Site "Poznan"]
[Date "2005.05.01"]
[Round "10"]
[White "Socko, Bartosz"]
[Black "Bobras, Piotr"]
[Result "1/2-1/2"]
[WhiteElo "2583"]
[BlackElo "2501"]
[Annotator "Kapengut"]
[PlyCount "59"]
[EventDate "2005.04.21"]
[EventType "tourn"]
[EventRounds "13"]
[EventCountry "POL"]
[EventCategory "12"]
[SourceTitle "CBM 107"]
[Source "ChessBase"]
[SourceDate "2005.08.01"]
[SourceVersion "1"]
[SourceVersionDate "2005.08.01"]
[SourceQuality "1"]

1. d4 Nf6 2. c4 g6 3. f3 c5 4. d5 d6 5. e4 Bg7 6. Nc3 O-O 7. Nge2 e6 8. Ng3 (8.
Bg5 h6 9. Be3 exd5 10. cxd5 a6 11. a4 Nbd7 12. Ng3 h5 13. Bg5 $6 Qb6 {*} (13...
Qc7 {Christiansen-Fedorowicz}) 14. Qd2 Nh7 15. a5 Qc7 16. Bh6 h4 17. Bxg7 Kxg7
18. Nge2 b5 19. axb6 Qxb6 20. g3 Rb8 21. Na4 Qd8 22. Bg2 Ne5 $15 {Ehlvest,
J-Temirbaev,S/Minsk 1986}) 8... exd5 9. cxd5 a6 10. a4 Nbd7 11. Be2 h5 12. O-O
(12. Bg5 Qb6 13. Qd2 Nh7 14. a5 Qc7) 12... Re8 13. Bg5 Qb6 14. Qd2 Nh7 15. Be3
h4 16. Nh1 f5 17. Nf2 Ne5 18. a5 Qc7 19. g3 (19. f4 Nf7 {*} 20. Bd3 Nf6 21.
Rfe1 fxe4 22. Nfxe4 Ng4 23. Bf2 Qd8 24. Kh1 Nxf2+ $6 (24... Bf5 25. Bg1 h3 $132
) 25. Nxf2 Bf5 26. Bxf5 gxf5 27. Re6 $1 $16 {Christenson,F-Breivik,L/Molde NOR
2004}) 19... Bd7 20. exf5 gxf5 21. Kh1 hxg3 22. hxg3 Ng6 23. f4 Nf6 24. Nh3 Re7
(24... b5 $5 25. axb6 Qxb6 26. Ng5 a5 27. Bf3 Rab8 28. Rf2 Ng4 29. Bxg4 Qxb2 $5
(29... fxg4 $6 30. Qd3 {[%cal Gd3h7]} Nf8 31. f5 c4 $5 32. f6 $1 Rxe3 33. f7+
Kh8 34. Rh2+ Bh6 35. Rxh6+ Kg7 36. Rh7+ Kf6 37. Qf1+ $18) 30. Qxb2 Rxb2 31.
Rxb2 Bxc3 32. Rb7 Bxa1 33. Rxd7 fxg4 34. Rxd6 Rxe3 35. Rxg6+ Kf8 $132) 25. Ng5
Rae8 26. Bg1 Nh8 (26... Rxe2 $5 27. Nxe2 Ne7 28. Nc3 Nexd5 29. Bf2 Bc6 30. Kg1
Nxc3 31. bxc3 Ne4 32. Qa2+ d5 33. Nxe4 Rxe4 $15) (26... Nf8 27. Rf2 N8h7 28.
Qc2 Nxg5 29. fxg5 Nh7 30. Bd3 Nxg5 31. Bxf5 Rf8 32. Raf1 Ref7 33. Bh7+ Nxh7 34.
Rxf7 Rxf7 35. Rxf7 Kxf7 36. Qxh7 Bg4 $15) 27. Bd3 $6 (27. Bc4 Nf7 28. Ne6 $140
$6 Rxe6 $5 29. dxe6 Bxe6 (29... Bc6+ $6 30. Kh2 Ng4+ 31. Kh3 Ng5+ 32. fxg5 Bxc3
33. e7+ $1 $18) 30. Bxe6 Rxe6 31. Rae1 (31. Qg2 Ng4 32. Qf3) 31... Qc6+ 32. Qg2
Ne4 33. Nxe4 fxe4 $15) 27... Nf7 28. Bc4 Nxg5 29. fxg5 Ng4 30. Rf3 (30. Rf3 Ne5
31. Rf4 Nxc4 32. Rxc4 b5 33. axb6 Qxb6 34. Rh4 (34. b4 $140 $6 Qb7 $17 {
[%csl Rd5][%cal Gg7c3,Gb7h1]}) 34... Qb7 35. Rf1 Be5 $17) 1/2-1/2

[Event "EU-ch 3rd"]
[Site "Batumi"]
[Date "2002.06.24"]
[Round "12"]
[White "Riazantsev, Alexander"]
[Black "Marin, Mihail"]
[Result "1/2-1/2"]
[WhiteElo "2527"]
[BlackElo "2556"]
[Annotator "Kapengut"]
[PlyCount "53"]
[EventDate "2002.06.12"]
[EventType "swiss"]
[EventRounds "13"]
[EventCountry "GEO"]
[SourceTitle "CBM 090"]
[Source "ChessBase"]
[SourceDate "2002.09.20"]
[SourceVersion "1"]
[SourceVersionDate "2002.09.20"]
[SourceQuality "1"]

1. d4 d6 2. e4 Nf6 3. f3 c5 4. d5 g6 5. c4 Bg7 6. Nc3 O-O 7. Nge2 e6 8. Ng3
exd5 9. cxd5 a6 10. a4 Nbd7 11. Be2 Ne8 {[%cal Ge8c7,Ga8b8,Gb7b5] Black select
the old-fashioned plan transferring the knight on the square c7,
characteristic for many variants of modern Benoni} 12. O-O (12. Be3 Qh4 $6 13.
Qd2 h6 14. Bf2 Qe7 15. O-O h5 16. Be3 Nc7 17. f4 {[%csl Re4][%cal Ge4e5]} (17.
Rab1 $5 {[%cal Gb2b4] /\b4}) 17... h4 18. Nh1 Bxc3 $5 19. bxc3 Nf6 $1 20. Nf2
Nxe4 21. Nxe4 Qxe4 {[%csl Rd5]} 22. Bd3 Qxd5 23. c4 Qh5 24. f5 $5 {[%cal Gf1f8,
Gd3h7]} Bxf5 25. Rxf5 $5 gxf5 26. Rf1 Ne6 27. Rxf5 Qh8 28. Bh6 Qa1+ 29. Kf2
Rfe8 30. Rg5+ $1 {1/2-1/2 Khenkin,I-Belotti,B/Bratto ITA 2001}) 12... Rb8 13.
Bf4 {[%csl Rd6] A popular lately idea, when white do not hurry up with
development the blacksquare bishop allows it to take more active position.} (
13. Ra3 $6 Nc7 14. Rb3 $6 {[%csl Rb3][%cal Ga7g1]} b5 $1 15. axb5 axb5 16. Bf4
(16. Nxb5 $140 $2 c4 17. Bxc4 Nxb5 18. Bxb5 Nc5 19. Rb4 Qa5 $19) 16... c4 17.
Bxd6 cxb3 18. Bxf8 Qxf8 19. Qxb3 Nc5 20. Qc2 b4 $19 {Kuligowski,A-Schmidt,W/
Poland 1987}) (13. f4 Nc7 14. e5 $5 dxe5 15. f5 $5 Nf6 16. fxg6 fxg6 17. Bg5
Nce8 18. Nge4 Nd6 19. Bxf6 {[%csl Ge4]} Bxf6 20. Nxd6 Qxd6 21. Ne4 Qd8 22. d6 {
[%cal Ga2g8]} Bf5 23. Qd5+ Kg7 24. Nxc5 $6 (24. Nxf6 Qxf6 25. Rad1 Qe6 26. Qxc5
Rbd8 27. a5 $14 {[%csl Rb7,Gd6,Re5]}) 24... Qb6 25. Kh1 Qxb2 26. Bd3 b6 27.
Bxf5 {1/2-1/2 Filgueira,H-Garcia,R/Buenos Aires 1995}) (13. Be3 Nc7 ({As
frequently it happens in Modern Benoni, if white put his knight on g3, the
good plan for black is the movement of a pawn "h".} 13... h5 $5 {[%csl Rg3]
[%cal Gh5h4,Gf7f5]}) 14. f4 (14. a5 b5 15. axb6 Rxb6 16. Qd2 Re8 {[%cal Gg3h1,
Gh1f2]} 17. Kh1 $6 (17. Nh1 $5 {/\Nh1-f2}) 17... h5 {[%csl Rg3]} 18. Rfe1 h4
19. Nf1 h3 20. g4 Qh4 21. Ng3 Rb4 22. Rg1 (22. Bg5 Qh8 23. Rec1 Nb5 {[%cal
Gb5d4,Gh8a1]} 24. Bxb5 axb5 $15) 22... Nb5 23. Nf5 $5 {[%csl Rg8][%cal Gg1g8]}
gxf5 24. gxf5 Nxc3 $1 (24... Kh8 25. Rg4 Qh7 26. Rag1 Be5 27. Bg5 Rxb2 28. Qxb2
Nxc3 29. Qc2 f6 30. Rh4 fxg5 31. Rxh7+ Kxh7 32. Rxg5 $16) 25. Qxc3 (25. bxc3
Rbxe4 $1 $19) 25... Ne5 26. Bg5 (26. Qa3 $2 Rxe4 $1 $19 {Webbs,S-Trapl,J/corr
2001}) 26... Qf2 $1 (26... Qh8 27. Bf6 Ng6 28. Bxg7 Qxg7 29. Bxa6 $16) 27. Bf6
Qg2+ $1 28. Rxg2 hxg2+ 29. Kxg2 Bxf6 30. Ra2 $17 {Konikowski}) 14... b5 15.
axb5 (15. e5 dxe5 16. f5 b4 17. Nce4 (17. d6 $5) 17... Bb7 $5 {[%csl Rd5]} 18.
fxg6 hxg6 19. Bg5 f6 20. d6 $5 Nd5 21. Bg4 $5 {[%csl Rc5]} Qe8 22. Bxd7 Qxd7
23. Nxc5 Qxd6 24. Nxb7 Rxb7 25. Ne4 Qb6+ 26. Kh1 Qd4 $1 {[%csl Rb2,Re4]} 27.
Qb3 Qxe4 28. Rfe1 Qg4 29. Qxd5+ Rff7 30. Be3 f5 $17 {[%cal Ge5e4,Gf5f4,Gg7a1]
Gual,A-Glavina,P/St.Cugat/1992/}) 15... Nxb5 16. Nxb5 axb5 17. Qd2 Re8 18. b4
$6 h5 (18... Bxa1 19. Rxa1 h5 20. Bf3 h4 21. Ne2 h3 $15) 19. e5 $5 cxb4 20. Ne4
dxe5 21. f5 $1 gxf5 22. Nd6 Nf6 $5 23. Nxe8 Qxe8 24. Bh6 (24. d6 $14) 24... f4
25. Bxg7 Kxg7 26. Qxb4 Bb7 27. Bf3 Bxd5 28. Bxd5 Nxd5 $17 {Antonsen,
M-Mortensen,E/Farum/1993/}) 13... Qe7 (13... Ne5 $6 14. Qd2 Nc7 15. Bh6 b5 16.
Bxg7 Kxg7 17. axb5 axb5 18. f4 $1 {[%cal Ge4e5]} Nd7 19. b4 $1 cxb4 20. Na2 Na6
21. Nxb4 Nxb4 22. Qxb4 Qb6+ 23. Kh1 Re8 24. Rac1 Nc5 25. e5 $1 $16 {Dive,
R-McLaren,L/Auckland 1997}) 14. Qd2 Nc7 (14... h5 $5 15. Bg5 Bd4+ 16. Kh1 f6
$132) 15. Bh6 Bxh6 (15... Bd4+ 16. Kh1 Re8 $132) 16. Qxh6 b5 17. axb5 Nxb5 $5 {
[%cal Gb5d4]} 18. Nxb5 axb5 19. b4 $5 c4 20. Ra3 Nb6 21. f4 f5 $1 {The
standard answer by black on activation of the opponent at centre.} 22. exf5
Bxf5 23. Nxf5 gxf5 24. Bf3 Qf6 25. Qxf6 Rxf6 26. Re1 Rf7 27. Re6 ({A little
prematurely. The interesting struggle is further possible} 27. Re6 Rd8 28. Ra5
c3 29. Rxb5 c2 30. Re1 Re7 $1 (30... Rc8 $140 $6 31. Rxb6 c1=Q 32. Rxc1 Rxc1+
33. Kf2 Rb1 34. b5 $16) 31. Rc1 Nc4 32. Kf2 (32. Rxc2 $2 Na3 $15) 32... Rde8
33. Bh5 Re1 34. Rxc2 Na3 35. Bxe8 Rxe8 36. Rbc5 dxc5 37. Rxc5 Re4 $11) 1/2-1/2

[Event "EU-ch 3rd"]
[Site "Batumi"]
[Date "2002.06.14"]
[Round "3"]
[White "Zhukova, Natalia"]
[Black "Delchev, Aleksander"]
[Result "0-1"]
[WhiteElo "2425"]
[BlackElo "2550"]
[Annotator "Kapengut"]
[PlyCount "106"]
[EventDate "2002.06.12"]
[EventType "swiss"]
[EventRounds "13"]
[EventCountry "GEO"]
[SourceTitle "CBM 090"]
[Source "ChessBase"]
[SourceDate "2002.09.20"]
[SourceVersion "1"]
[SourceVersionDate "2002.09.20"]
[SourceQuality "1"]

1. d4 Nf6 2. c4 g6 3. Nc3 Bg7 4. e4 d6 5. f3 O-O 6. Nge2 c5 7. d5 e6 8. Ng3
exd5 9. cxd5 a6 10. a4 Nbd7 11. Be2 Re8 12. O-O h5 13. Bg5 Nf8 {The manoeuvre
Nd7-f8-h7 recently meets even more often. Other possibility is to avoid the
unpleasant pin after Qa5. With the black extra move this position was occurred
in the games Amura,C-Romero,M/Argentina 1989 and Kaposztas,M-Blees,A/
Harkany1994(see below).} 14. Qd2 ({The similar plan with N8h7 Sofronie,I
conducted after:} 14. f4 N8h7 15. Bh4 Qa5 16. h3 Bd7 $6 (16... Qb4 $5 {[%csl
Rb2,Re4][%cal Gb4d4]}) 17. Bc4 Qb4 18. Qd3 b5 19. axb5 axb5 20. Rxa8 Rxa8 21.
Bxb5 Qxb2 22. Rb1 Ra1 23. Rxa1 Qxa1+ 24. Kh2 Qa3 25. Bc4 Ne8 26. Nge2 $14 {
Svetushkin,D-Sofronie,I/Bucharest 2002}) 14... N8h7 15. Bh6 {White bishop can
not organize an attack by itself, but it's absence on the important diagonal
would help black.} ({Usually white retreat} 15. Be3 h4 $5 (15... Bd7 16. Nh1
Qe7 17. Nf2 {without Qe7 this position was occurred in the game Navrotescu,
C-Negrulescu/ Predeal ch-RO 1988; with the black extra move Rb8 - Bykhovsky,
Av-Uritzky,M/ Tel Aviv ASA 1996}) (15... Nd7 16. Rfd1 h4 17. Nh1 Ne5 18. Nf2 f5
19. Rab1 Qe7 $6 (19... Qf6) 20. f4 Nf7 21. e5 dxe5 22. d6 Qd7 23. Bxc5 $16 {
Vasilevich,T-Zozulia,A/Alushta ztW 1999}) 16. Nh1 Nh5 {1/2-1/2 Varga,Z-Badea,B/
ATI-Homorod 1992} 17. Nf2 f5 {with the black extra move 18...Qe7- Kaposztas,M
- Blees,A/ Harkany op 1994} 18. exf5 gxf5 19. f4 Ng3 $5 {[%csl Rg1][%cal Gd8h4,
Gh4h2]} 20. Rfe1 Nxe2+ 21. Rxe2 Bd7 22. a5 b5 23. axb6 Qxb6 24. Nfd1 Qb4 25.
Qe1 Nf6 26. Qxh4 Qc4 27. Qg3 Nxd5 28. Rd2 Nxe3 29. Nxe3 Rxe3 $1 $17 {Bagirov,
V-Dydyshko,V /Minsk 1984 It is interestingly that the last game had started as
Nimzo-Indian!}) 15... Bh8 16. Nh1 (16. Rfe1 h4 17. Nf1 (17. Nh1 Nh5 {[%csl Rh6]
/\ g5} 18. Be3 f5 $132 19. Nf2 Qf6 20. exf5 gxf5 21. f4 Qg6 $132) 17... Nh5 18.
f4 (18. Be3 f5 $132) 18... Bd4+ 19. Kh1 Ng3+ $5 {[%csl Rh1][%cal Gd8h4] The
excellent sacrifice of the khight gives the black a long initiative.} 20. hxg3
hxg3 21. Bg5 Nxg5 22. fxg5 Kg7 23. Ne3 ({To more persistent defence leaded:} 
23. Nxg3 Rh8+ 24. Nh5+ $5 gxh5 25. Rf1 Bg4 $36) 23... Rh8+ ({A little
dangerous for black was:} 23... Qxg5 $6 24. Nf5+ $1 Bxf5 25. Qxg5 Rh8+ 26. Bh5
f6 27. Qh4 Bd7 $17) 24. Kg1 Qxg5 25. Bf3 f5 $17 {Rogozenko,D-Sofronie,I/
Bucharest 2002/}) 16... h4 17. Be3 $146 (17. Nf2 Nh5 18. Be3 f5 19. Ra3 Qe7 {
1/2-1/2 Ionescu,C-Badea,B/mvc-igm 1996}) (17. g4 $6 hxg3 18. Nxg3 Bh3 19. Rfe1
Nd7 20. Kh1 Qh4 {[%csl Rh6][%cal Gg6g5]} 21. Be3 Bg7 (21... Be5 $5 22. f4 Bd4
23. Bxd4 cxd4 24. Qxd4 Qxf4 $15) 22. Rab1 Rac8 23. Nd1 Ne5 24. b4 c4 25. Rc1 b5
26. axb5 axb5 27. Nc3 Bd7 28. Rg1 Ra8 29. f4 Ng4 30. Bxg4 Qxg4 $36 {Martinez,
D-Moreno Ruiz,J/Mondariz 1999}) 17... Nh5 18. f4 f5 $6 (18... Bxc3 $5 19. bxc3
N7f6 $132 {[%csl Re4]} 20. e5 $140 $6 dxe5 21. fxe5 Qxd5 $5 $36 {[%csl Re2]
[%cal Ge8e2]}) 19. Bxh5 gxh5 20. e5 $1 dxe5 21. Bxc5 b6 22. Bf2 Bb7 (22... h3
$5) 23. h3 e4 24. Rfd1 Qd6 25. Qe3 Nf8 26. Bxh4 (26. Qxb6 Qxb6 27. Bxb6 $14)
26... Ng6 27. Bg5 h4 28. Ra3 Rac8 {[%csl Rd5][%cal Gc8c5]} 29. g3 (29. g4 $5)
29... Qb4 30. d6 {[#]} Qxb2 $1 31. Ne2 Bc6 32. gxh4 (32. d7 Bxd7 33. Rb3 (33.
Rxd7 $6 Rc2 34. Qb3+ Qxb3 35. Rxb3 Rxe2 36. Rxb6 Nf8 37. Rdd6 Rc8 $17 {[%csl
Rg1]}) 33... Qa2 34. Rxb6 Be6 35. gxh4 Nf8 36. Rxa6 Rc2 $15) 32... Bd7 (32...
Nf8 $5 33. Nhg3 (33. h5 Bd7 $5 {[%cal Gc8c2]} 34. Rb3 Qa2 35. Rxb6 Qxa4 {
[%csl Rd1]} 36. Nf2 Rc2 $132) 33... Bd7 34. Rd2 Qb4 35. Qb3+ $5 Rc4 $5 36. Qxb4
Rxb4 37. a5 Rb8 $5 $132 {[%cal Gb8b1,Gb4b1]}) 33. Nhg3 Rc2 34. Rb3 Qa2 35. Rxb6
Qxa4 36. Rb7 Rec8 37. Rdb1 (37. Nxf5 $5 Bxf5 38. d7 Bxd7 39. Rbxd7 Qc4 40. R7d2
$44 {[%csl Ga6,Ge4,Rg1]}) 37... Ra2 38. Rxd7 $1 Ra3 (38... Qxd7 $140 $2 39.
Qb3+ Qf7 40. d7 $18) 39. Qd2 (39. Rc7 $1 {[%csl Rg8]} Rxe3 40. Rxc8+ Nf8 41.
Bh6 Qd7 42. Rbb8 $16) 39... Rd3 40. Rc7 $1 Rxd2 41. Rxc8+ Kf7 (41... Nf8 42.
Bh6 Rd1+ 43. Rxd1 Qxd1+ 44. Kg2 Bg7 45. Bxg7 Kxg7 46. Nxf5+ $16 {[%csl Gd6,Rg7]
}) 42. h5 (42. Rb7+ $1 Ke6 43. Re7+ $1 Kxd6 44. Nxf5+ Kd5 45. Rd8+ Kc5 46. Rxd2
$18) 42... Nf8 43. Rb7+ Ke6 44. Re7+ Kd5 45. Rxf8 $4 (45. d7 $1 Nxd7 46. Rxh8
Qa1+ 47. Kf2 Qd4+ 48. Kg2 Rxe2+ 49. Nxe2 Qxh8 50. Rxd7+ Kc6 51. Rd8 Qxh5 52.
Nd4+ $14 {[%csl Rg2]}) 45... Qd1+ $19 46. Kg2 Rxe2+ 47. Nxe2 Qxe2+ 48. Kh1 Qf1+
49. Kh2 Qf2+ 50. Kh1 Bd4 51. Re5+ Kc4 52. Rc8+ Kb3 53. Rc1 Qe3 0-1

[Event "Mitropa Cup 21st"]
[Site "Leipzig"]
[Date "2002.05.09"]
[Round "7.3"]
[White "Priehoda, Vitezslav"]
[Black "Mantovani, Renzo"]
[Result "1/2-1/2"]
[WhiteElo "2425"]
[BlackElo "2369"]
[Annotator "Kapengut"]
[PlyCount "108"]
[EventDate "2002.05.03"]
[EventType "team-tourn"]
[EventRounds "9"]
[EventCountry "GER"]
[SourceTitle "CBM 089"]
[Source "ChessBase"]
[SourceDate "2002.08.12"]
[SourceVersion "1"]
[SourceVersionDate "2002.08.12"]
[SourceQuality "1"]
[WhiteTeam "Slovakia"]
[BlackTeam "Italy"]
[WhiteTeamCountry "SVK"]
[BlackTeamCountry "ITA"]

1. d4 Nf6 2. c4 c5 3. d5 g6 4. Nc3 Bg7 5. e4 O-O 6. Bg5 h6 7. Be3 d6 8. f3 e6
9. Qd2 exd5 10. cxd5 h5 {Black doesn't harry with Nbd7, because of the route
Ng1-h3-f2. Early for this idea black played Re8, but now it is clearly that
rook placed on f8 wery well.} 11. a4 $6 (11. Nge2 {is the precise move order.})
11... Re8 (11... Nh7 $5 {is better.}) 12. Nge2 Na6 (12... Nbd7) 13. Ra3 (13.
Nb5 $6 Nb4 14. Nec3 a6 15. Na3 Bf5 $5 {This is the practical chance to play
for more complications.} 16. Be2 (16. exf5 $140 $6 {[%csl Re1,Re3][%cal Gb4c2,
Gg7h6,Gh6d2,Ge8e1]} Bh6 17. Nc4 Bxe3 18. Nxe3 Rxe3+ $17) 16... Bxe4 $5 17. fxe4
Nxe4 18. Nxe4 Rxe4 19. Bf3 (19. Bg5 Qe8 20. Kf1 Nxd5 $1 21. Nc4 Rd4 $44) 19...
Rxe3+ $5 {[%csl Rb2][%cal Gg7b2]} (19... Nxd5 20. Bxe4 Qh4+ 21. Kf1 Qxe4 22.
Bf2 Nf4 23. Bg3 Nd3 24. Qe2 Qf5+ 25. Qf3 Qxf3+ 26. gxf3 Nxb2 27. Bxd6 Nxa4 $44)
20. Qxe3 Bxb2 21. Rb1 Bd4 22. Qb3 b5 23. Nc2 Nxc2+ 24. Qxc2 Qa5+ 25. Kd1 Re8
26. axb5 axb5 27. Qd3 b4 28. Re1 Rxe1+ 29. Kxe1 Qa2 30. Kd1 c4 31. Qe4 b3 32.
Rc1 {Franco Alonso,A-Moreno,J/ VI Aceimar op Mondariz Banleario 1999} c3 $1 33.
Qxd4 c2+ $17) 13... Nb4 14. Nc1 b6 $6 ({Black have to try the freeing move b5.
} 14... a6 15. Be2 Bd7 16. O-O Rb8 17. N3a2 Nxa2 18. Nxa2 b5 19. axb5 (19. b4
a5 $5) 19... Bxb5 $5 20. Nc3 Nd7 21. Nxb5 axb5 22. Rfa1 c4 $132 {[%csl Rb2,Gb5,
Gc4][%cal Gd7c5,Gc5b3,Gg7b2,Ga1a7]}) 15. Be2 Nh7 16. O-O f5 17. a5 Bd7 (17...
bxa5 $140 $6 18. Nb3 {[%cal Gb3a5,Ga5c4,Ga5c6]}) 18. Nb5 $6 (18. Nd3 fxe4 19.
fxe4 bxa5 20. Nf4 Nf8 21. Bc4 a4 ({Very dangerous is} 21... Bxc3 $6 22. bxc3
Rxe4 23. Bb3 $1 $16) 22. Qf2 {/\Ng6!} Qf6 23. Kh1 Rab8 $132 {[%csl Rb2,Re4,Ge5]
[%cal Gg7b2,Gb8b2]} (23... Qe5 $140 $6 24. Nxg6 $1)) (18. Bc4 bxa5 19. N1e2 Rb8
20. Nf4 Nf8 21. Re1 h4 $132) 18... fxe4 19. Nxd6 exf3 20. Bxf3 (20. Rxf3 {
[%cal Gg7d4,Gd4g1,Ge8e2]} Rxe3 $5 21. Raxe3 Bd4 22. Nb3 Bg4 23. Nf7 Qxd5 24.
Nh6+ Kh8 25. Nxg4 hxg4 26. Rf4 Bxe3+ 27. Qxe3 Nc6 28. Rxg4 Qe5 29. Qd3 Re8 30.
Qxg6 Nd4 31. Nxd4 Qe3+ 32. Kf1 Qc1+ 33. Kf2 Qe3+ $11) 20... Rxe3 $1 21. Rxe3
Bh6 {[#]} 22. Qe2 (22. Re6 $5 Bxd2 23. Rxg6+ Kf8 24. Bxh5+ (24. Bg4+ $6 Nf6 25.
Rfxf6+ Qxf6 26. Rxf6+ Ke7 27. Rf7+ Kxd6 28. Rxd7+ Ke5 $17) 24... Nf6 25. Rfxf6+
Qxf6 26. Rxf6+ Ke7 27. Ne4 Be3+ 28. Kf1 Nxd5 29. Rf7+ Ke6 $132) 22... Bxe3+ 23.
Qxe3 Qf6 24. Nc4 Re8 25. Qc3 Bb5 $5 $36 26. Rd1 Qxc3 27. bxc3 Bxc4 28. cxb4
cxb4 29. axb6 axb6 30. Nd3 b3 31. d6 Ng5 $6 ({Much better is} 31... Nf6 $1 32.
Nb2 (32. Bc6 $140 $6 Bxd3 33. Bxe8 b2 34. d7 Nxd7 35. Bxd7 Kf7 $17) 32... Be6
33. Na4 Bf5 $17 {[%csl Gb3][%cal Gb3b1]}) 32. d7 Nxf3+ 33. gxf3 Rd8 34. Ne5 Be6
35. Rd6 b5 $1 36. Rxe6 b2 37. Re8+ Kg7 38. Rxd8 b1=Q+ 39. Kg2 Qb2+ 40. Kf1 Qc1+
41. Ke2 Qb2+ 42. Kf1 Qa1+ 43. Kg2 Qxe5 44. Re8 $1 $11 (44. Rg8+ $2 Kxg8 45.
d8=Q+ $19) 44... Qg5+ 45. Kf1 Qc1+ 46. Ke2 Qc4+ 47. Ke3 Qc3+ 48. Ke2 Qb2+ 49.
Ke3 Qb3+ 50. Ke2 Qa2+ 51. Ke1 Qb1+ 52. Kd2 Qb4+ 53. Ke2 Qc4+ 54. Ke3 Qc5+
1/2-1/2

[Event "Bijeljina Dvorovi"]
[Site "Bijeljina Dvorovi"]
[Date "2002.02.02"]
[Round "8"]
[White "Bogdanovski, Vlatko"]
[Black "Arsovic, Goran"]
[Result "1-0"]
[WhiteElo "2435"]
[BlackElo "2437"]
[Annotator "Kapengut"]
[PlyCount "75"]
[EventDate "2002.01.26"]
[EventType "tourn"]
[EventRounds "9"]
[EventCountry "YUG"]
[EventCategory "9"]
[SourceTitle "CBM 088"]
[Source "ChessBase"]
[SourceDate "2002.03.21"]
[SourceVersion "1"]
[SourceVersionDate "2002.03.21"]
[SourceQuality "1"]

1. d4 Nf6 2. c4 g6 3. Nc3 Bg7 4. e4 d6 5. f3 O-O 6. Nge2 c5 7. Be3 Nc6 8. d5
Ne5 9. Ng3 e6 10. Be2 exd5 11. cxd5 h5 12. O-O Nh7 13. Qd2 Re8 14. Nh1 a6 15.
a4 f5 16. Nf2 {Partners have reached one of the basic positions of the
variation, which can be reached not only with different move orders, but with
other number of moves and also with various routes for white knights - from
the most economical Ng1-h3-f2, to Ng1-e2-c1-d3-f2 and the combination of
Nb1-c3-d1-f2 with Ng1-e2-c3.} Qf6 17. Rae1 ({By transposition of moves the
position after} 17. Ra3 b6 {was reached in the game Botsari,A-Cramling,P/
Jakarta-izt 1993:} 18. Rb1 g5 19. exf5 Bxf5 20. Nce4 Qg6 21. b4 (21. Rf1 g4 22.
Kh1 {transposes to Andrianov-Kotronias/Komotini 1993}) 21... g4 22. Kh1 Nf6 23.
Nxf6+ Bxf6 24. Re1 gxf3 25. gxf3 Kh7 $132) (17. a5 Bd7 18. Ra3 {1/2-1/2
Kelecevic,N - Gruenenwald,J/Graechen op 1999}) 17... Bd7 18. f4 $5 $146 {
[%csl Rc5][%cal Ge4e5] Even more often White prefers immediate f3-f4 not
wishing to waste time on preventive h2-h3.} ({Earlier played} 18. h3 h4 19. a5
(19. f4 Nf7 20. Bd3 {without b6 and Rad1 insead of Rae1 the similar position
occurred in the game Hoeksema-Shneider/ Groningen op 1991}) {In my book I had
recommended} 19... g5 $5 {[%cal Gf5f4]} (19... Re7 $6 20. f4 Nf7 21. e5 $5 dxe5
22. fxe5 (22. Bxc5 $5 Ree8 (22... Nd6 23. fxe5 Qxe5 24. Nd3 Qg3 25. Qf4 $16 {
[%csl Rd6,Re7][%cal Ga3f8]}) 23. fxe5 Qxe5 (23... Nxe5 24. Nfe4 $16) 24. Bh5 $1
$16 {[%csl Rg6]}) 22... Qxe5 23. Bxc5 Bh6 $1 24. Qd1 Ree8 25. Bf3 (25. Bxa6 $2
Qc7 {[%csl Ra6,Rc5]}) 25... Qg3 26. Nh1 Qc7 27. Bb6 Qd6 28. Nf2 Nhg5 29. Nd3
Qg3 30. Ne2 Rxe2 $5 $40 {[%csl Rh3] Guilian,P-Plaskett,J/British-ch Blackpool
1988}) 20. f4 $5 gxf4 21. Bxf4 Ng6 22. Bh5 Nxf4 23. Qxf4 (23. Bxe8 Bh6 $1 {
[%csl Rh3][%cal Gh6c1]} 24. Bxd7 $1 Nxh3+ 25. Nxh3 Bxd2 26. Re2 Qd4+ 27. Kh1
fxe4 28. Rxe4 Bxc3 $1 29. Rxd4 Bxd4 30. Be6+ Kh8 31. Rf7 Rf8 32. Rxf8+ Nxf8 33.
Bc8 Bxb2 34. Bxb7 Bc3 $17) 23... Bh6 24. Qf3 Re5 25. exf5 Rxf5 26. Qg4+ Kh8 27.
Nce4 Rxf2 $1 28. Rxf2 (28. Qxd7 $140 $2 Rxf1+ 29. Rxf1 Be3+ $19) (28. Nxf6
Rxf1+ 29. Rxf1 Bxg4 30. Nxg4 Bg7 $11 {[%csl Ra5,Rb2,Rb7,Rd6,Rh4]}) 28... Qxf2+
29. Nxf2 Bxg4 30. Nxg4 Bg7 31. Re7 Rf8 32. Rxb7 (32. Bg6 $6 Ng5 33. Rxb7 Bd4+
34. Kh2 Rf1 $17 {[%csl Rh2]}) 32... Bd4+ 33. Kh2 Nf6 $44) 18... Ng4 $5 {
Most essentially.} ({May be more point was in a retreat of khight to f7} 18...
Nf7 19. e5 dxe5 20. fxe5 Qxe5 21. Bxc5 Rac8 22. Nd3 (22. Bxh5 $2 Qc7 $19) 22...
Qc7 23. Bd1 {[%cal Gd1b3,Ga2g8,Gd5d6]} Be5 24. h3 Nf6 $132) 19. Bxg4 hxg4 20.
e5 $5 {This is a traditional break at the centre, but Black have enough
resources for counterplay.} dxe5 21. fxe5 Qxe5 22. Bxc5 Qc7 23. Bd4 (23. Nd3 $5
g3 24. d6 gxh2+ 25. Kxh2 Qc6 26. a5 Nf6 $132) 23... g3 $5 24. Nh3 $5 gxh2+ 25.
Kh1 Qd6 ({More interesting is} 25... Nf6 $5 26. Nf4 Qd6 27. a5 (27. Nxg6 $140
$2 Nh5 $19) 27... Rac8 28. Qd1 Ng4 29. Bxg7 Rxe1 30. Qxe1 Kxg7 $17) 26. Bxg7
Kxg7 27. Qd4+ Kg8 (27... Nf6 28. Nf4 Kf7 29. a5 Rad8 $44) 28. Nf4 Ng5 29. Nd3
Rxe1 (29... b5) 30. Rxe1 Re8 31. Rxe8+ Bxe8 32. Qe3 Qd8 ({In the worse ending
results} 32... Ne4 33. Nxe4 fxe4 34. Qxe4 Bf7 35. Ne5 $14 Qxd5 $140 $6 36. Qxd5
Bxd5 37. Nxg6 Kf7 38. Nf4 Be4 39. a5 $16) 33. Nc5 b6 34. Nb7 Qb8 35. d6 $1 Qxb7
$2 {The final mistake!} (35... Nf7 36. Qe6 $16) 36. Qxe8+ Kg7 37. d7 Nf7 38.
Qxf7+ $1 {[%csl Rb7]} 1-0